| 000 | 00793cam a2200265 i 4500 | ||
|---|---|---|---|
| 001 | 003585947 | ||
| 005 | 20161011174029.0 | ||
| 008 | 140721s2014 ch acp e 000 0dchi d | ||
| 020 |
_a9789861983882 _cNT$250 |
||
| 040 |
_aCYT _bchi _cCYT _dCYT _eccr |
||
| 042 | _anbic | ||
| 066 | _c$1 | ||
| 084 |
_a242 _b8572 _2ncsclt |
||
| 090 |
_a242 _b8572 |
||
| 100 | 1 |
_a余,達心 _c(基督教) |
|
| 245 | 1 | 0 |
_a攀生命高峰 : _b與偉大心靈同行 = Scaling higher grounds : walking with great minds who fear the lord / _c余達心著 |
| 246 | 3 | 0 | _a與偉大心靈同行 |
| 250 | _a初版 | ||
| 260 |
_a新北市 : _b校園書房, _c2014.07. |
||
| 300 |
_a165面 : _b圖, 像 ; _c21公分 |
||
| 490 | 0 | _amove人物 | |
| 650 | 7 |
_a神學 _2lcstt. |
|
| 650 | 7 |
_a基督徒 _2lcstt. |
|
| 942 | _2lcc | ||
| 999 |
_c40243 _d40243 |
||